000 01089nam a2200373Ia 4500
001 dia_6048
003 CHAP
005 20251023173353.0
008 220117s2005 xx 000 0 und d
010 _a177255
020 _a968-7748-48-6
040 _cCHAP
082 _a808.8387 D67 J84 2005
100 _aDostoyevski, Fedor
_9160654
240 _aIgrik
245 _aEl jugador /
_c Fedor Dostoyevski ; prólogo Mónica Lavín
250 _a2a ed.
260 _aMéxico :
_b Lectorum,
_c2005
300 _a157 p.
500 _aTítulo original: Igrik
503 _aC.
590 _aPG3327.E8 I37 2005
650 _aFiction
_9152751
650 _aGambling
_xFiction
_9160655
650 _aJuegos de azar
_xNovela
_9160656
650 _aLiteratura rusa
_xSiglo XIX
_9143073
650 _aNovela
_982011
650 _aRussian literature
_x19th century
_9160566
700 _aLavín, Mónica, prol.
_9160657
901 _a808.8387 D67 J84 2005
902 _aM
905 _a5232272005 mx x 9222223332spa16
942 _cLIBRO
_2ddc
999 _c177255
_d177255